Teología del Nuevo Testamento : (Record no. 395)
[ view plain ]
| 000 -LEADER | |
|---|---|
| campo de control de longitud fija | 01333ntaaa2200361 4500 |
| 003 - IDENTIFICADOR DE NÚMERO DE CONTROL | |
| campo de control | 01 |
| 005 - FECHA Y HORA DE LA ÚLTIMA TRANSACCIÓN | |
| campo de control | 20251027200546.0 |
| 008 - DATOS DE LONGITUD FIJA--INFORMACIÓN GENERAL | |
| campo de control de longitud fija | 0714s1973 ag 01 |
| 020 ## - NÚMERO INTERNACIONAL ESTÁNDAR DEL LIBRO | |
| Número Internacional Estándar del Libro | 8430105565 |
| 040 ## - FUENTE DE CATALOGACIÓN | |
| Centro catalogador/agencia de origen | AR-BaBN |
| Lengua de catalogación | spa |
| Centro/agencia transcriptor | AR-BaBN |
| Normas de descripción | aacr |
| Centro/agencia modificador | RIC |
| 082 ## - NÚMERO DE LA CLASIFICACIÓN DECIMAL DEWEY | |
| Número de clasificación | 225.823 J47t |
| 100 ## - ENTRADA PRINCIPAL--NOMBRE DE PERSONA | |
| Nombre de persona | Jeremias, Joachim |
| 9 (RLIN) | 1188 |
| 245 ## - MENCIÓN DEL TÍTULO | |
| Título | Teología del Nuevo Testamento : |
| Resto del título | I. La predicación de Jesús / |
| Mención de responsabilidad, etc. | Joachim Jeremias, traducido por Constantino Ruiz-Garrido |
| 260 ## - PUBLICACIÓN, DISTRIBUCIÓN, ETC. | |
| Lugar de publicación, distribución, etc. | Salamanca : |
| Nombre del editor, distribuidor, etc. | Eds. Sígueme, |
| Fecha de publicación, distribución, etc. | 1974, c1973 |
| 300 ## - DESCRIPCIÓN FÍSICA | |
| Extensión | 378 p. ; |
| Dimensiones | 22 cm. |
| 490 ## - MENCIÓN DE SERIE | |
| Mención de serie | Biblioteca de estudios bíblicos ; |
| Designación de volumen o secuencia | 2 |
| 500 ## - NOTA GENERAL | |
| Nota general | Título original: Neutestamentliche theologie, I. Die verkündigung Jesu |
| 500 ## - NOTA GENERAL | |
| Nota general | El ej. 2 corresponde a la 3a ed. publicada en 1977 |
| 500 ## - NOTA GENERAL | |
| Nota general | Incluye referencias bibliográficas e índice analítico |
| 500 ## - NOTA GENERAL | |
| Nota general | Bibliografía en p. 11 |
| 505 ## - NOTA DE CONTENIDO CON FORMATO | |
| Título | 1. ¿Hasta qué punto es fidedigna la tradición de las palabras de Jesús? |
| 505 ## - NOTA DE CONTENIDO CON FORMATO | |
| Título | 2. La misión |
| 505 ## - NOTA DE CONTENIDO CON FORMATO | |
| Título | 3. La aurora del tiempo de salvación |
| 505 ## - NOTA DE CONTENIDO CON FORMATO | |
| Título | 4. El plazo de gracia |
| 505 ## - NOTA DE CONTENIDO CON FORMATO | |
| Título | 5. El nuevo pueblo de Dios |
| 505 ## - NOTA DE CONTENIDO CON FORMATO | |
| Título | 6. Jesús y su conciencia de majestad |
| 505 ## - NOTA DE CONTENIDO CON FORMATO | |
| Título | 7. Pascua |
| 650 ## - PUNTO DE ACCESO ADICIONAL DE MATERIA--TÉRMINO DE MATERIA | |
| Término de materia o nombre geográfico como elemento de entrada | BIBLIA |
| 9 (RLIN) | 468 |
| 650 ## - PUNTO DE ACCESO ADICIONAL DE MATERIA--TÉRMINO DE MATERIA | |
| Término de materia o nombre geográfico como elemento de entrada | NUEVO TESTAMENTO |
| 650 ## - PUNTO DE ACCESO ADICIONAL DE MATERIA--TÉRMINO DE MATERIA | |
| Término de materia o nombre geográfico como elemento de entrada | TEOLOGIA |
| 700 ## - ENTRADA AGREGADA--NOMBRE PERSONAL | |
| Nombre de persona | Ruiz-Garrido, Constantino |
| Término indicativo de función/relación | traductor |
| 9 (RLIN) | 1189 |
| 942 ## - ELEMENTOS DE ENTRADA SECUNDARIOS (KOHA) | |
| Tipo de ítem Koha | Colección General |
| Estatus retirado | Estado de pérdida | Estado de daño | No para préstamo | Biblioteca de origen | Biblioteca actual | Fecha de adquisición | Número de inventario | Total de préstamos | Signatura topográfica completa | Código de barras | Visto por última vez | Precio de reemplazo | Tipo de ítem Koha |
|---|---|---|---|---|---|---|---|---|---|---|---|---|---|
| Biblioteca Pluis | Biblioteca Pluis | 27/10/2025 | 031330 | 225.823 J47t | 031330 | 27/10/2025 | 27/10/2025 | Colección General | |||||
| Biblioteca Pluis | Biblioteca Pluis | 27/10/2025 | 045501 | 225.823 J47t | 045501 | 27/10/2025 | 27/10/2025 | Colección General |
